Around the World - St. Petersburg to Athens - Statistics

General Stats
  • This quiz has been taken 96 times
  • The average score is 6 of 13
Answer Stats
Answer % Correct
{Baltic} Sea
93%
{North} Sea
77%
Gulf of {Finland}
75%
{Aegean} Sea
68%
{Black} Sea
58%
{Danube} River
55%
Sea of {Marmara}
54%
{Rhine} River
50%
{Kiel} Canal
32%
{Bosporus} Strait
26%
{Dardanelles}
26%
{Main} River
23%
{Rhine-Main-Danube} Canal
6%
No matching quizzes found
Score Distribution
Percent of People with Each Score
Percentile by Number Answered
Your Score History
You have not taken this quiz